000 00394nam a22001697a 4500
005 20180703150600.0
008 160702b xxu||||| |||| 00| 0 eng d
020 _a978-93-85000-18-8
041 _aeng
082 _b20882
_a658.11
100 _aSinha, Praveen and others
_93447
245 _aEnterpreneurship
260 _bCEGR
300 _a442p,
650 _aManagement
_9241
942 _cBK
999 _c5149
_d5147